LEADER 01025nam a2200217 i 4500 001 000000228100 003 CaOOAMICUS 005 20140828000000.0 008 140828s1777 it u000 u fre u 013 $a207002 026 $an.i- I.tu usur quch (3) 1777 (R) 040 $aSeMil$bita 245 10$aDe la justification, des sacrements de baptéme, confirmation & eucharistie. 300 $a452, [4] p. 500 $aSegn. : A-S12 T8 V4. - Fondo Bidoglio. 773 0 $aCoffin, Charles $tExposition de la doctrine chretienne, ou instructions sur les principales verites de la religion. ... Tome 1. [-4.].$bNouvelle edition, revue, corrigée & augmentée.$dA Paris : Chez Desaint, rue du Foin S. Jacques, 1777.$g3$w()18464 850 $aSeMil 852 $aSeMil$W1$xVenegono$y1$m2Y I 18 FA$j178446$B178446$CSeMilBibl$Z2$F189335 $8I 941 1 $a2 961 $aLascito: Bidoglio don Maurizio 996 $6245$aDe la justification, des sacrements de baptéme, confirmation & eucharistie$9(OLS)http://semarc/title/326484 LEADER 01109nam a2200265 i 4500 001 000000040202 003 CaOOAMICUS 005 20090525000000.0 008 090525s1994 it u000 u ita u 013 $a11372 020 $a88-250-0378-1 040 $aSeMil$bita 100 1 $aSartori, Luigi .$0(OLS)http://semarc/name/3883 245 13$aLa Lumen Gentium :$btraccia di studio /$cLuigi Sartori. 260 $aPadova :$bMessaggero,$ccopyr. 1994. 300 $a203 p. ;$c19 cm. 490 0 $aLa tunica inconsutile ;$v4 650 4$aConcilio Vaticano II <1962-1965> - Costituzioni dogmatiche . Lumen Gentium.$0(OLS)http://semarc/subject/3016 830 3$aLa tunica inconsutile ;$v4.$0(OLS)http://semarc/title/7654 850 $aSeMil 852 $aSeMil$W1$xVenegono$y1$m2A II 106$j6357$B6357$CSeMilBibl$Z2$F6357 $81 961 $aOmaggio: Casa editrice 996 $6020$a88-250-0378-1$9(OLS)http://semarc/number/10233 996 $6245$aLa Lumen Gentium :$btraccia di studio$9(OLS)http://semarc/title/57613 996 $6260$aPadova :$bMessaggero$9(OLS)http://semarc/publisher/29786